Which -Stan Country? Cities Click Quiz. - Statistics

General Stats
  • This quiz has been taken 26 times
  • The average score is 6 of 7
Answer Stats
Hint Answer % Correct
Is home to the cities of Faisalabad and Rawalpindi and, perhaps, the disputed Kashmir? Pakistan
100%
Is home to the cities of Kandahar, Jalalabad, and Herat? Afghanistan
96%
Is home to the cities of Daşoguz, Mary, and Türkmenabat? Turkmenistan
96%
Is home to the cities of Samarkand, Andijan, and Namangan? Uzbekistan
92%
Is home to the cities of Shymkent, Astana, and Aktobe? Kazakhstan
88%
Is home to the cities of Khujand, Bokhtar, and Dushanbe? Tajikistan
79%
Is home to the cities of Osh, Jalal-Abad, and Bishkek? Kyrgyzstan
71%
No matching quizzes found
Score Distribution
Percent of People with Each Score
Percentile by Number Answered
Your Score History
You have not taken this quiz